000 00283 a2200085 4500
020 _a9788119314881
100 _a Amit Srivastava (Architect), Peter Scriver
245 _aKuldip Singh, Mahendra Raj National Cooperative Development Corporation, New Delhi
260 _bArthshila Trust
_c2023
999 _c13417
_d13417